[Event "NAYCC U16"]
[Site "Windsor CAN"]
[Date "2016.08.10"]
[Round "7.36"]
[White "Habib, Adnan"]
[Black "Yu, Wenlu"]
[Result "1-0"]
[WhiteElo "1691"]
[BlackElo "1993"]
[PlyCount "151"]
[EventDate "2016.08.07"]
[EventType "swiss"]
[EventRounds "9"]
[EventCountry "CAN"]

1. d4 d5 2. Nf3 Nf6 3. Bf4 e6 4. e3 Be7 5. Bd3 O-O 6. Ne5 c5 7. c3 Nc6 8. Nd2
Qb6 9. Rb1 cxd4 10. exd4 Qa5 11. Qf3 Re8 12. g4 Nxe5 13. dxe5 Nd7 14. g5 Nc5
15. Bc2 Qa6 16. Rg1 Bd7 17. a4 Bxa4 18. Ra1 Qb5 19. b3 Bxb3 20. Nxb3 Nd7 21.
Nd4 Qc5 22. Qh3 g6 23. Rc1 Nf8 24. Bd3 a6 25. Qh6 Qb6 26. Be3 Bc5 27. Qh3 Rac8
28. Ke2 Qc7 29. f4 b5 30. Ra1 Qb6 31. Rgb1 Ra8 32. Nb3 Bxe3 33. Qxe3 Qb7 34.
Nc5 Qc6 35. Nxa6 Qxc3 36. Rc1 Qb2+ 37. Qd2 Qd4 38. Bxb5 Qe4+ 39. Kf2 Rec8 40.
Ra4 d4 41. Nc5 Qf5 42. Rxa8 Rxa8 43. Kg3 h5 44. h3 Ra3+ 45. Bd3 Nh7 46. Kh4
Nxg5 47. fxg5 Qxe5 48. Nd7 Rxd3 49. Nxe5 Rxd2 50. Kg3 Re2 51. Nf3 Re4 52. Kf2
Kg7 53. Rc4 e5 54. Rc5 f6 55. Rc7+ Kf8 56. gxf6 d3 57. Rd7 Rf4 58. Ke3 Rxf6 59.
Rxd3 Re6 60. Ke4 Kg7 61. Ng5 Re7 62. h4 Kf6 63. Rd6+ Kg7 64. Ne6+ Kf7 65. Kxe5
g5 66. hxg5 Kg6 67. Kf4 Rf7+ 68. Kg3 Kf5 69. Kh4 Re7 70. Nd4+ Ke4 71. Re6+ Kf4
72. Ne2+ Kf5 73. Rxe7 Kg6 74. Nf4+ Kf5 75. Rf7+ Ke5 76. g6 1-0

[Event "NAYCC U16"]
[Site "Windsor CAN"]
[Date "2016.08.10"]
[Round "7.37"]
[White "Maulucci, Anthony"]
[Black "Pan, Christopher"]
[Result "1/2-1/2"]
[WhiteElo "1786"]
[BlackElo "1975"]
[PlyCount "66"]
[EventDate "2016.08.07"]
[EventType "swiss"]
[EventRounds "9"]
[EventCountry "CAN"]

1. d4 Nf6 2. c4 g6 3. Nc3 d5 4. cxd5 Nxd5 5. e4 Nxc3 6. bxc3 Bg7 7. Bc4 c5 8.
Ne2 Nc6 9. Be3 O-O 10. O-O Qc7 11. Rc1 Rd8 12. Bf4 Qd7 13. d5 Na5 14. Bd3 b6
15. c4 Bb7 16. Bd2 Rab8 17. Rb1 Ba6 18. Bxa5 bxa5 19. Qc2 Rb4 20. a3 Rb6 21.
Rxb6 axb6 22. Rb1 Rb8 23. Nc3 Be5 24. Na4 Bc7 25. g3 h5 26. f4 h4 27. e5 Kg7
28. e6 fxe6 29. Bxg6 exd5 30. Bh5 dxc4 31. Qg6+ Kh8 32. Qh6+ Kg8 33. Qg6+ Kh8
1/2-1/2

[Event "NAYCC U16"]
[Site "Windsor CAN"]
[Date "2016.08.10"]
[Round "7.38"]
[White "Chasin, Nico"]
[Black "Miyasaka, Matthew"]
[Result "1/2-1/2"]
[WhiteElo "1752"]
[BlackElo "1971"]
[PlyCount "89"]
[EventDate "2016.08.07"]
[EventType "swiss"]
[EventRounds "9"]
[EventCountry "CAN"]

1. d4 d5 2. Nf3 Nf6 3. g3 g6 4. Bg2 Bg7 5. O-O O-O 6. Nbd2 Be6 7. c3 h6 8. Re1
c6 9. a4 Nbd7 10. a5 b6 11. b4 c5 12. Ba3 Rc8 13. Rc1 Ne4 14. Nb3 f5 15. e3 Re8
16. axb6 axb6 17. Bf1 Ra8 18. Bb2 c4 19. Nbd2 Ra2 20. Qc2 Qc7 21. Ra1 Rea8 22.
Nxe4 fxe4 23. Nd2 Bf5 24. Rxa2 Rxa2 25. Ra1 Rxa1 26. Bxa1 Qa7 27. Bb2 e5 28.
Qc1 h5 29. Qa1 Qb8 30. Qa6 Bf8 31. Qb5 Qb7 32. Be2 exd4 33. exd4 Nf6 34. Qa4 e3
35. fxe3 Qe7 36. Nf1 Bh3 37. Qc2 Ne4 38. Bf3 Qf7 39. Qe2 Bh6 40. Bxe4 dxe4 41.
Nd2 b5 42. Qf2 Qe6 43. Qe2 Qf7 44. Qf2 Qe6 45. Qe2 1/2-1/2

[Event "NAYCC U16"]
[Site "Windsor CAN"]
[Date "2016.08.10"]
[Round "7.39"]
[White "Ramasamy, Vikram"]
[Black "Daggupati, Balaji"]
[Result "1/2-1/2"]
[WhiteElo "2046"]
[BlackElo "1932"]
[PlyCount "129"]
[EventDate "2016.08.07"]
[EventType "swiss"]
[EventRounds "9"]
[EventCountry "CAN"]

1. e4 c5 2. c3 d5 3. exd5 Qxd5 4. d4 Nc6 5. Nf3 Bg4 6. Be2 cxd4 7. cxd4 e6 8.
O-O Bb4 9. h3 Bh5 10. Nc3 Qa5 11. Ne4 Qd5 12. Nc3 Qa5 13. Ne4 Bg6 14. Ned2 Bxd2
15. Bxd2 Qb6 16. Bc3 Nge7 17. Qa4 O-O 18. Ne5 Rfd8 19. Rfd1 Rac8 20. Bf3 Nd5
21. Nxc6 Qxc6 22. Qxa7 b6 23. Qa6 Ra8 24. Qe2 Rac8 25. Rac1 Qa4 26. Bxd5 Rxd5
27. a3 Rcd8 28. Rd2 Qc6 29. Qf3 Qc7 30. Re1 h6 31. Rde2 Rf5 32. Qg3 Qxg3 33.
fxg3 Rfd5 34. Re5 Kf8 35. Kf2 Ke8 36. g4 Rxe5 37. Rxe5 Rd5 38. g3 Bc2 39. Ke3
Bd1 40. Bb4 h5 41. gxh5 Bxh5 42. Rxd5 exd5 43. Kf4 f6 44. g4 Bg6 45. g5 Kf7 46.
h4 Bc2 47. Bd6 Ke6 48. Bc7 b5 49. Bd8 fxg5+ 50. Bxg5 Bd1 51. Ke3 Kd6 52. Kd2
Bf3 53. Kc3 Kc6 54. Kb4 Bd1 55. b3 Be2 56. a4 bxa4 57. bxa4 Kb6 58. a5+ Ka6 59.
Bd8 g6 60. Kc5 Bf3 61. Kd6 Bh1 62. Ke5 Be4 63. Kf6 Kb5 64. Ke5 Ka6 65. Bb6
1/2-1/2

[Event "NAYCC U16"]
[Site "Windsor CAN"]
[Date "2016.08.10"]
[Round "7.40"]
[White "Nguyen, Tan"]
[Black "Maruvada, Shaunak"]
[Result "1-0"]
[WhiteElo "1972"]
[BlackElo "1966"]
[PlyCount "99"]
[EventDate "2016.08.07"]
[EventType "swiss"]
[EventRounds "9"]
[EventCountry "CAN"]

1. d4 d5 2. c4 c6 3. Nf3 Nf6 4. e3 e6 5. b3 Nbd7 6. Nbd2 Bd6 7. Bb2 Qe7 8. Ne5
Ba3 9. Bxa3 Qxa3 10. f4 dxc4 11. Nexc4 Qe7 12. Bd3 Nd5 13. Qf3 a5 14. e4 Nb4
15. e5 Nxd3+ 16. Qxd3 O-O 17. O-O c5 18. Rf3 cxd4 19. Rh3 f5 20. Nd6 Rd8 21.
Qxd4 Nf6 22. N2c4 Nd5 23. Ne3 Nxe3 24. Rxe3 b5 25. Rc3 Bb7 26. Rac1 Be4 27. Qb6
Rab8 28. Rc7 Rxb6 29. Rxe7 Rc6 30. Rxc6 Bxc6 31. Rxe6 Bd5 32. Re7 a4 33. bxa4
bxa4 34. a3 g6 35. Re8+ Rxe8 36. Nxe8 Bb3 37. Nf6+ Kg7 38. Kf2 h6 39. Ke3 Kf7
40. Nd7 Bd5 41. g3 Bc6 42. Nc5 Ke7 43. Kd4 Bb5 44. Kc3 Bc6 45. Kb4 Be8 46. Nxa4
Ke6 47. Nb6 Bc6 48. a4 Bb7 49. Kb5 Be4 50. a5 1-0

[Event "NAYCC U16"]
[Site "Windsor CAN"]
[Date "2016.08.10"]
[Round "7.41"]
[White "Zhu, Brandon"]
[Black "Wang, Warren"]
[Result "0-1"]
[WhiteElo "1861"]
[BlackElo "2025"]
[PlyCount "46"]
[EventDate "2016.08.07"]
[EventType "swiss"]
[EventRounds "9"]
[EventCountry "CAN"]

1. e4 d6 2. d4 Nf6 3. f3 c6 4. c4 g6 5. Nc3 Nbd7 6. Be3 Bg7 7. Nge2 O-O 8. Ng3
a6 9. c5 b5 10. b4 Bb7 11. Rc1 h5 12. Bg5 Nh7 13. h4 Nxg5 14. hxg5 a5 15. a3
axb4 16. axb4 e5 17. Qd2 exd4 18. Nxb5 dxc5 19. Nd6 Qc7 20. bxc5 Nxc5 21. Qf4
Ne6 22. Qh4 Qxd6 23. Bc4 Qf4 0-1

[Event "NAYCC U16"]
[Site "Windsor CAN"]
[Date "2016.08.10"]
[Round "7.42"]
[White "Fields, Noah"]
[Black "Fan, Run Kun"]
[Result "0-1"]
[WhiteElo "1963"]
[BlackElo "1890"]
[PlyCount "72"]
[EventDate "2016.08.07"]
[EventType "swiss"]
[EventRounds "9"]
[EventCountry "CAN"]

1. e4 d5 2. exd5 Qxd5 3. Nc3 Qa5 4. d4 Nf6 5. Nf3 Bf5 6. Bd2 c6 7. Bc4 e6 8.
O-O Qc7 9. Re1 Bd6 10. Bg5 Nbd7 11. d5 cxd5 12. Nb5 Qb6 13. Nxd6+ Qxd6 14. Nd4
Bg6 15. Bxf6 Nxf6 16. Bb5+ Nd7 17. Qg4 O-O 18. Rad1 Nf6 19. Qe2 a6 20. Ba4 b5
21. Bb3 Rfe8 22. c3 e5 23. Nc2 Bh5 24. f3 e4 25. Qf2 exf3 26. Rxe8+ Rxe8 27.
gxf3 Bg6 28. Nb4 Re5 29. Qg3 h6 30. Kh1 Qe6 31. Nd3 Bxd3 32. Rxd3 Nh5 33. Qh4
Re1+ 34. Kg2 Qe2+ 35. Kh3 Qf1+ 36. Kg4 Qg2+ 0-1

[Event "NAYCC U16"]
[Site "Windsor CAN"]
[Date "2016.08.10"]
[Round "7.43"]
[White "Handigol, Abhishek"]
[Black "Zhao, Harry"]
[Result "0-1"]
[WhiteElo "1905"]
[BlackElo "1809"]
[PlyCount "134"]
[EventDate "2016.08.07"]
[EventType "swiss"]
[EventRounds "9"]
[EventCountry "CAN"]

1. e4 e6 2. d4 d5 3. Nd2 Nf6 4. e5 Nfd7 5. Bd3 c5 6. c3 Nc6 7. Ne2 cxd4 8. cxd4
f6 9. exf6 Qxf6 10. Nf3 h6 11. O-O Bd6 12. Bd2 O-O 13. Bc3 Rd8 14. Qb3 Nf8 15.
Ng3 Rb8 16. a4 Bd7 17. Rfe1 Ng6 18. Nh5 Qf7 19. Qc2 Nf8 20. Ng3 Nb4 21. Bxb4
Bxb4 22. Re3 Rbc8 23. Qb3 a5 24. Ne5 Qe7 25. Nh5 Be8 26. Nf4 Bd2 27. Rf3 Qb4
28. Qxb4 Bxb4 29. Kf1 Bxa4 30. Re3 Bc2 31. Ke2 Rc7 32. Nf3 Kf7 33. Ne5+ Ke7 34.
Neg6+ Nxg6 35. Rxe6+ Kf7 36. Bxg6+ Bxg6 37. Rxg6 Rc2+ 38. Kf3 Rxb2 39. Rb6 Bc3
40. Rxb2 Bxb2 41. Rb1 Bxd4 42. Rxb7+ Kf6 43. Rb5 Ra8 44. Nxd5+ Kg6 45. Ne7+ Kh7
46. Nc6 Rf8+ 47. Kg3 Bxf2+ 48. Kg4 a4 49. Ra5 Rc8 50. Ne5 Rc5 51. Rxc5 Bxc5 52.
Nd3 Bd6 53. h4 a3 54. Nc1 Kg6 55. Kf3 Kf5 56. g4+ Ke5 57. g5 h5 58. Ke3 Bc5+
59. Kf3 Kd4 60. Nb3+ Kc4 61. Nc1 Kc3 62. Ke2 Kc2 63. Na2 Kb2 64. Kd3 Kxa2 65.
Kc2 Bf2 66. Kc3 Kb1 67. Kb3 a2 0-1

[Event "NAYCC U16"]
[Site "Windsor CAN"]
[Date "2016.08.10"]
[Round "7.44"]
[White "D'Amore, Tyler"]
[Black "Polavaram, Rithik"]
[Result "0-1"]
[WhiteElo "1808"]
[BlackElo "1899"]
[PlyCount "180"]
[EventDate "2016.08.07"]
[EventType "swiss"]
[EventRounds "9"]
[EventCountry "CAN"]

1. Nf3 Nf6 2. g3 e6 3. Bg2 d5 4. c4 c5 5. O-O Nc6 6. cxd5 exd5 7. d4 Bd6 8. Nc3
O-O 9. Bg5 Be6 10. dxc5 Bxc5 11. Bxf6 Qxf6 12. Nxd5 Qxb2 13. Nc7 Rad8 14. Qc1
Qxc1 15. Raxc1 Bb6 16. Nxe6 fxe6 17. e3 h6 18. Rc4 Kf7 19. h4 Ke7 20. Re4 Rf5
21. a4 g6 22. Nh2 Rdf8 23. Ng4 h5 24. Nh2 Na5 25. Bh3 R5f6 26. Rd1 Nb3 27. f4
Rc8 28. Nf1 Rc3 29. Kf2 Nc5 30. Red4 Rf8 31. Kf3 Rd8 32. Rxd8 Bxd8 33. g4 hxg4+
34. Bxg4 Bb6 35. Ra1 Rc4 36. Nd2 Rxa4 37. Rxa4 Nxa4 38. Nc4 Bc7 39. e4 b5 40.
Nd2 Nb2 41. f5 exf5 42. exf5 gxf5 43. Bxf5 Be5 44. Ke4 Kd6 45. Bg4 Bh8 46. Be2
Kc5 47. Nb3+ Kb4 48. Nd4 a6 49. Nxb5 axb5 50. Bxb5 Kxb5 51. Kf5 Kc6 52. Kg6 Kd7
53. Kh7 Bf6 54. h5 Ke7 55. Kg8 Nd3 56. h6 Ne5 57. Kh7 Ke8 58. Kg8 Ng6 59. Kh7
Nf8+ 60. Kg8 Ke7 61. h7 Ng6 62. h8=N Nxh8 63. Kh7 Kf7 64. Kh6 Ng6 65. Kh5 Ne5
66. Kh6 Ke6 67. Kh5 Kf5 68. Kh6 Kg4 69. Kh7 Kg5 70. Kg8 Be7 71. Kh7 Kf6 72. Kh6
Kf7 73. Kh5 Bd8 74. Kh6 Bf6 75. Kh5 Be7 76. Kh6 Kf6 77. Kh5 Kf5 78. Kh6 Bf6 79.
Kh5 Nd7 80. Kh6 Nf8 81. Kh5 Ne6 82. Kh6 Ng7 83. Kh7 Kg5 84. Kg8 Kg6 85. Kf8 Bg5
86. Kg8 Ne6 87. Kh8 Bh6 88. Kg8 Nc5 89. Kh8 Ne4 90. Kg8 Nf6+ 0-1

[Event "NAYCC U16"]
[Site "Windsor CAN"]
[Date "2016.08.10"]
[Round "7.45"]
[White "Zhang, Jeff"]
[Black "Saha, Ananda"]
[Result "1/2-1/2"]
[WhiteElo "1907"]
[BlackElo "1920"]
[PlyCount "105"]
[EventDate "2016.08.07"]
[EventType "swiss"]
[EventRounds "9"]
[EventCountry "CAN"]

1. e4 c5 2. Nf3 e6 3. d4 cxd4 4. Nxd4 a6 5. Nc3 Qc7 6. Be2 Nf6 7. f3 h5 8. a3
b5 9. Be3 Bb7 10. Qd2 Be7 11. Nb3 d5 12. exd5 Nxd5 13. Nxd5 Bxd5 14. Bf4 Qd7
15. O-O-O Bxb3 16. cxb3 Qxd2+ 17. Bxd2 Nc6 18. Bc3 O-O 19. Bd3 b4 20. axb4 Bxb4
21. Be4 Rac8 22. Kb1 a5 23. Rd7 Bxc3 24. bxc3 Ne5 25. Ra7 Rc5 26. Kc2 g5 27.
Ra1 Rfc8 28. c4 f5 29. Ba8 Ng6 30. R1xa5 Nf4 31. g3 Ne2 32. Rxc5 Rxc5 33. Ra1
f4 34. gxf4 Nxf4 35. Re1 Ra5 36. Bb7 Ra2+ 37. Kc3 Rxh2 38. c5 h4 39. Re5 Rh1
40. Rxg5+ Kf7 41. Rg4 e5 42. c6 h3 43. Rh4 Nd5+ 44. Kc4 Nc7 45. Rh7+ Kg6 46.
Rxc7 h2 47. Kb5 Rb1 48. Rg7+ Kxg7 49. c7 Rc1 50. Bc6 Rxc6 51. Kxc6 h1=Q 52.
c8=Q Qxf3+ 53. Kd6 1/2-1/2

[Event "NAYCC U16"]
[Site "Windsor CAN"]
[Date "2016.08.10"]
[Round "7.46"]
[White "Lee, Stefano"]
[Black "Thomson, Aaron"]
[Result "1-0"]
[WhiteElo "1592"]
[BlackElo "1659"]
[PlyCount "79"]
[EventDate "2016.08.07"]
[EventType "swiss"]
[EventRounds "9"]
[EventCountry "CAN"]

1. e4 e5 2. Nf3 Nc6 3. Bc4 Bc5 4. c3 Nf6 5. d4 exd4 6. cxd4 Bb4+ 7. Bd2 Bxd2+
8. Nbxd2 d5 9. exd5 Nxd5 10. O-O O-O 11. Qc2 Re8 12. Rfe1 Be6 13. Bd3 h6 14. a3
Nf4 15. Bh7+ Kh8 16. Re4 g6 17. Rxf4 Kxh7 18. Ne5 Nxd4 19. Qd3 Bf5 20. Qc4 Rxe5
21. Rxd4 Qe7 22. Nf3 Re6 23. Rad1 Re8 24. h3 Rc6 25. Qb5 Rb6 26. Qc4 Rxb2 27.
Re1 Be6 28. Qc1 Rb6 29. Rh4 Qf8 30. Qxc7 Bd5 31. Ng5+ Kg7 32. Qc3+ f6 33. Qc7+
Bf7 34. Rxe8 Qxe8 35. Re4 Rc6 36. Qxb7 Rb6 37. Qc7 Rc6 38. Qxa7 Qxe4 39. Qxf7+
Kh8 40. Qh7# 1-0

[Event "NAYCC U16"]
[Site "Windsor CAN"]
[Date "2016.08.10"]
[Round "7.47"]
[White "Aldrich, Michael"]
[Black "Zheng, Maven"]
[Result "0-1"]
[WhiteElo "1279"]
[BlackElo "1746"]
[PlyCount "86"]
[EventDate "2016.08.07"]
[EventType "swiss"]
[EventRounds "9"]
[EventCountry "CAN"]

1. e4 c5 2. c3 d6 3. d4 cxd4 4. cxd4 Nf6 5. Nc3 a6 6. Bc4 e6 7. Nf3 Nbd7 8. O-O
Be7 9. Bf4 b5 10. Bb3 Bb7 11. Re1 O-O 12. Qd3 Qb6 13. Rad1 Rfd8 14. Bc2 Rac8
15. Bg5 h6 16. Bxf6 Nxf6 17. Qe2 b4 18. Na4 Qb5 19. Rc1 Qxe2 20. Rxe2 Bxe4 21.
Nd2 Bxc2 22. Nb6 Rc6 23. Ndc4 Bd3 24. Re3 Bxc4 25. Nxc4 d5 26. b3 dxc4 27. bxc4
Rxd4 28. h3 Rdxc4 29. Rd1 Rc1 30. Rxc1 Rxc1+ 31. Kh2 Bd6+ 32. g3 Rc2 33. Kg2
Bc5 34. Rf3 Ne4 35. Kg1 Nxf2 36. Kf1 Nxh3 37. Ke1 Nf2 38. Kf1 Ng4 39. Ke1 Bf2+
40. Kd1 Rxa2 41. Rb3 a5 42. Rb1 Ne3+ 43. Kc1 Rc2# 0-1

[Event "NAYCC U16"]
[Site "Windsor CAN"]
[Date "2016.08.11"]
[Round "8.29"]
[White "Sinha, Sahil"]
[Black "Li, Zhaozhi"]
[Result "1/2-1/2"]
[WhiteElo "2140"]
[BlackElo "2305"]
[PlyCount "72"]
[EventDate "2016.08.07"]
[EventType "swiss"]
[EventRounds "9"]
[EventCountry "CAN"]

1. d4 Nf6 2. c4 e6 3. Nf3 b6 4. g3 Bb7 5. Bg2 Be7 6. O-O O-O 7. Nc3 Ne4 8. Qc2
Nxc3 9. Qxc3 c5 10. Rd1 d6 11. Bf4 h6 12. Qd3 Na6 13. a3 Rc8 14. Ng5 hxg5 15.
Bxb7 gxf4 16. Bxa6 Rb8 17. gxf4 Bf6 18. d5 e5 19. f5 e4 20. Qxe4 Bxb2 21. Ra2
Qg5+ 22. Qg2 Qf6 23. Bb5 Rfd8 24. Rd3 Qh6 25. e3 Bf6 26. Qg4 Kf8 27. f4 Ke7 28.
Rg2 Rh8 29. Rdd2 Kd8 30. Rde2 Rb7 31. Kf2 Re7 32. Kf3 Ba1 33. Re1 Qf6 34. Ra2
Bd4 35. Rae2 Rh4 36. Qg5 Rh3+ 1/2-1/2

[Event "NAYCC U16"]
[Site "Windsor CAN"]
[Date "2016.08.11"]
[Round "8.30"]
[White "Lu, Albert"]
[Black "Chen, Richard"]
[Result "1-0"]
[WhiteElo "2235"]
[BlackElo "2155"]
[PlyCount "95"]
[EventDate "2016.08.07"]
[EventType "swiss"]
[EventRounds "9"]
[EventCountry "CAN"]

1. d4 e6 2. Bf4 Nf6 3. e3 b6 4. h3 Bb7 5. Nf3 d6 6. Bd3 Nbd7 7. Nbd2 Qe7 8. e4
h6 9. Qe2 g5 10. Bh2 Bg7 11. a3 a6 12. g4 e5 13. O-O-O b5 14. Nf1 c5 15. dxe5
Nxe5 16. Ne3 Nxf3 17. Qxf3 Bxe4 18. Bxe4 Qxe4 19. Qg3 O-O 20. Nf5 Nd5 21. Rhe1
Qf4+ 22. Qxf4 Nxf4 23. Bxf4 gxf4 24. Rxd6 Rfe8 25. Nxh6+ Bxh6 26. Rxe8+ Rxe8
27. Rxh6 Re2 28. Rxa6 Rxf2 29. Rf6 f3 30. b3 c4 31. bxc4 bxc4 32. Kb2 Kg7 33.
Rf5 Rf1 34. a4 f2 35. a5 Rh1 36. Rxf2 Rxh3 37. Rf4 c3+ 38. Kb3 Kg6 39. a6 f6
40. a7 Rh8 41. Ra4 Ra8 42. Kxc3 Kf7 43. Kb4 Ke7 44. Kb5 Kd7 45. Kb6 Kc8 46.
Rc4+ Kd7 47. Kb7 Re8 48. a8=Q 1-0

[Event "NAYCC U16"]
[Site "Windsor CAN"]
[Date "2016.08.11"]
[Round "8.31"]
[White "Zhong, Joey"]
[Black "Bellissimo, Joseph"]
[Result "1-0"]
[WhiteElo "2024"]
[BlackElo "2142"]
[PlyCount "105"]
[EventDate "2016.08.07"]
[EventType "swiss"]
[EventRounds "9"]
[EventCountry "CAN"]

1. c4 e5 2. Nc3 Nf6 3. Nf3 Nc6 4. e4 Bb4 5. d3 d6 6. a3 Bxc3+ 7. bxc3 h6 8. Be2
O-O 9. O-O Ne7 10. Nh4 g5 11. Nf3 Ng6 12. h4 Nh7 13. hxg5 hxg5 14. Nh2 f5 15.
exf5 Bxf5 16. Ng4 Kg7 17. g3 Qd7 18. Ne3 Bh3 19. Bg4 Bxg4 20. Qxg4 Qxg4 21.
Nxg4 Nf6 22. Ne3 Ne7 23. d4 e4 24. Rb1 b6 25. c5 d5 26. a4 Rab8 27. Ba3 Kf7 28.
c4 c6 29. cxb6 Rxb6 30. Bc5 Rbb8 31. Bxa7 Ra8 32. Rb7 Ke6 33. Bc5 Rf7 34. Rfb1
Nd7 35. Bxe7 Rxe7 36. cxd5+ cxd5 37. Rc1 Ra6 38. Rcc7 Rf7 39. Ra7 Rb6 40. a5
Rb1+ 41. Kg2 Rb2 42. Rc6+ Ke7 43. Nxd5+ Kf8 44. Rc8+ Kg7 45. Rcc7 g4 46. Nf4 e3
47. Rxd7 Rxd7 48. Rxd7+ Kf6 49. Rd6+ Kf5 50. Rd5+ Kf6 51. Re5 Rxf2+ 52. Kg1 Rf3
53. Rxe3 1-0

[Event "NAYCC U16"]
[Site "Windsor CAN"]
[Date "2016.08.11"]
[Round "8.32"]
[White "Song, Sam"]
[Black "Asaria, Danial"]
[Result "1-0"]
[WhiteElo "2147"]
[BlackElo "2038"]
[PlyCount "109"]
[EventDate "2016.08.07"]
[EventType "swiss"]
[EventRounds "9"]
[EventCountry "CAN"]

1. e4 c5 2. Nf3 Nc6 3. d4 cxd4 4. Nxd4 Nf6 5. Nc3 e6 6. Ndb5 d6 7. Bf4 e5 8.
Bg5 a6 9. Na3 b5 10. Nd5 Be7 11. Bxf6 Bxf6 12. c4 b4 13. Nc2 O-O 14. g3 Rb8 15.
b3 Be6 16. Bg2 Bg5 17. O-O Qd7 18. Qd3 Bd8 19. Rad1 a5 20. Rd2 Qa7 21. Rfd1 Rc8
22. h4 Kh8 23. Qe2 g6 24. Kh2 f5 25. exf5 Bxf5 26. Nde3 Bxc2 27. Nxc2 Be7 28.
Bxc6 Rxc6 29. Ne3 Qd7 30. Nd5 Bd8 31. Kg2 Qf5 32. Ne3 Qf6 33. Ng4 Qe6 34. Nxe5
Bb6 35. Nf3 Qf6 36. Qe4 Rfc8 37. Re2 Bc5 38. Qe6 Qxe6 39. Rxe6 R6c7 40. Ng5 a4
41. Ne4 axb3 42. axb3 Ra8 43. Rd3 Ra2 44. Rf3 Kg8 45. Nxd6 Ra6 46. Re8+ Kg7 47.
Ne4 Bd4 48. Ng5 Kh6 49. Ne6 Rd7 50. Rd3 Rad6 51. Rxd4 Rxd4 52. Nxd4 Rxd4 53.
Rb8 Kh5 54. Rxb4 Kg4 55. Rb5 1-0

[Event "NAYCC U16"]
[Site "Windsor CAN"]
[Date "2016.08.11"]
[Round "8.34"]
[White "Sowa, Ryan"]
[Black "Yen, Michael"]
[Result "1/2-1/2"]
[WhiteElo "1948"]
[BlackElo "1969"]
[PlyCount "91"]
[EventDate "2016.08.07"]
[EventType "swiss"]
[EventRounds "9"]
[EventCountry "CAN"]

1. Nf3 Nf6 2. c4 e6 3. g3 d5 4. d4 Be7 5. Bg2 O-O 6. Qc2 Nbd7 7. O-O Re8 8.
Nbd2 Bf8 9. e4 dxe4 10. Nxe4 e5 11. dxe5 Nxe4 12. Qxe4 Nc5 13. Qe3 Bg4 14. Bd2
Qd3 15. Qxd3 Nxd3 16. Bc3 Bxf3 17. Bxf3 c6 18. Bg2 Nxe5 19. b3 Bc5 20. Rad1 f6
21. h3 Rad8 22. Rfe1 Nf7 23. Rxe8+ Rxe8 24. Kf1 Re7 25. Re1 Kf8 26. Rxe7 Kxe7
27. Ke2 Ne5 28. Be4 g6 29. f4 Nf7 30. Kf3 Ke6 31. Bd3 Bb6 32. b4 c5 33. Be4 Nd6
34. Bd5+ Ke7 35. g4 a6 36. h4 Ba7 37. g5 fxg5 38. hxg5 b5 39. cxb5 axb5 40. Kg4
Nf5 41. Bc6 Nd6 42. Bd5 Nf5 43. Kf3 Bb6 44. Be4 Ke6 45. Bc6 cxb4 46. Be5
1/2-1/2

[Event "NAYCC U16"]
[Site "Windsor CAN"]
[Date "2016.08.11"]
[Round "8.35"]
[White "Pan, Christopher"]
[Black "Miyasaka, Matthew"]
[Result "0-1"]
[WhiteElo "1975"]
[BlackElo "1971"]
[PlyCount "79"]
[EventDate "2016.08.07"]
[EventType "swiss"]
[EventRounds "9"]
[EventCountry "CAN"]

1. e4 c5 2. Nf3 d6 3. d4 cxd4 4. Nxd4 Nf6 5. Nc3 g6 6. Be3 Bg7 7. f3 O-O 8. Bc4
Nc6 9. Bb3 Bd7 10. Qd2 Rc8 11. O-O-O Nxd4 12. Bxd4 b5 13. a4 bxa4 14. Nxa4 Bxa4
15. Bxa4 Rc4 16. Bb3 Nxe4 17. fxe4 Rxd4 18. Qxd4 Bxd4 19. Rxd4 Qa5 20. Kb1 Qc5
21. Rd3 Qf2 22. Rf3 Qxg2 23. Rhf1 e6 24. Bxe6 Kg7 25. h3 a5 26. Bb3 f6 27. R1f2
Qg1+ 28. Ka2 Qe1 29. Bd5 a4 30. b3 axb3+ 31. cxb3 Rc8 32. Bc4 Ra8+ 33. Kb2 Qa1+
34. Kc2 Ra2+ 35. Kd3 Qd1+ 36. Ke3 Qe1+ 37. Re2 Qc1+ 38. Kf2 Ra1 39. Rg3 g5 40.
Rg2 0-1

[Event "NAYCC U16"]
[Site "Windsor CAN"]
[Date "2016.08.11"]
[Round "8.36"]
[White "Nguyen, Tan"]
[Black "Maulucci, Anthony"]
[Result "0-1"]
[WhiteElo "1972"]
[BlackElo "1786"]
[PlyCount "84"]
[EventDate "2016.08.07"]
[EventType "swiss"]
[EventRounds "9"]
[EventCountry "CAN"]

1. d4 d5 2. c4 e6 3. Nf3 Nf6 4. g3 dxc4 5. Qa4+ Nbd7 6. Bg2 a6 7. Qxc4 b5 8.
Qc2 Bb7 9. Bd2 c5 10. O-O Rc8 11. Qd1 cxd4 12. Nxd4 Bxg2 13. Kxg2 Bc5 14. Nb3
Bb6 15. a4 O-O 16. axb5 axb5 17. Na3 Qc7 18. Kg1 Ne4 19. Nxb5 Bxf2+ 20. Rxf2
Qb6 21. N5d4 Nxf2 22. Kxf2 e5 23. Ba5 Qf6+ 24. Nf3 e4 25. Bc3 Rxc3 26. bxc3 Rd8
27. Qd4 exf3 28. Qxf6 Nxf6 29. exf3 Kf8 30. c4 Rb8 31. Nd4 Rc8 32. Rc1 g6 33.
Ke2 Ke7 34. Kd3 Kd6 35. Ra1 Nd7 36. Ra6+ Ke7 37. Nb5 Nc5+ 38. Kd4 Nxa6 39. Na7
Rd8+ 40. Kc3 Kd6 41. Nb5+ Kc5 42. Na7 Nc7 0-1

[Event "NAYCC U16"]
[Site "Windsor CAN"]
[Date "2016.08.11"]
[Round "8.37"]
[White "Fan, Run Kun"]
[Black "Ramasamy, Vikram"]
[Result "1-0"]
[WhiteElo "1890"]
[BlackElo "2046"]
[PlyCount "145"]
[EventDate "2016.08.07"]
[EventType "swiss"]
[EventRounds "9"]
[EventCountry "CAN"]

1. Nf3 d5 2. g3 c5 3. Bg2 Nc6 4. d4 Nf6 5. O-O Bf5 6. b3 e6 7. Bb2 Be7 8. c4
O-O 9. cxd5 Nxd5 10. Nc3 Nxc3 11. Bxc3 Bf6 12. e3 Bg4 13. Rc1 cxd4 14. exd4 Qd7
15. Qc2 Rac8 16. Qe4 Bxf3 17. Bxf3 Bxd4 18. Bxd4 Qxd4 19. Rfd1 Qb6 20. Rd7 Rfd8
21. Rcd1 Rxd7 22. Rxd7 Rd8 23. Qd3 Rxd7 24. Qxd7 g6 25. Kg2 Kg7 26. h4 a5 27.
Qd6 Qb5 28. Qd2 h6 29. Qc3+ Kg8 30. Qd2 h5 31. Qd7 Kg7 32. Qd2 b6 33. Qd7 Qc5
34. Qxc6 Qd4 35. Qe4 Qc5 36. Qe3 Qd6 37. Qg5 Kf8 38. Qf6 Qc5 39. Be4 Ke8 40. a4
Qd6 41. Qc3 Kf8 42. Qd3 Qc5 43. Qc4 Qd6 44. Qc3 Kg8 45. Qd3 Qb4 46. Bxg6 fxg6
47. Qxg6+ Kf8 48. Qf6+ Ke8 49. Qxe6+ Kd8 50. Qd5+ Ke7 51. Qd3 Kf6 52. Kf3 Qc5
53. Kg2 Qb4 54. Qc4 Qe1 55. Qc6+ Kf5 56. Qxb6 Qe4+ 57. Kh2 Qe1 58. Qe3 Qf1 59.
Qf3+ Kg6 60. g4 hxg4 61. Qxg4+ Kf6 62. Qg5+ Kf7 63. Qd5+ Kf6 64. Qd4+ Kg6 65.
Kg3 Qg1+ 66. Kf3 Qf1 67. Ke4 Qb1+ 68. Qd3 Qe1+ 69. Kd5+ Kf6 70. Qd4+ Kf7 71.
Kc5 Ke6 72. Qe3+ Qxe3+ 73. fxe3 1-0

[Event "NAYCC U16"]
[Site "Windsor CAN"]
[Date "2016.08.11"]
[Round "8.38"]
[White "Wang, Warren"]
[Black "Kobla, Vishal"]
[Result "1-0"]
[WhiteElo "2025"]
[BlackElo "1941"]
[PlyCount "105"]
[EventDate "2016.08.07"]
[EventType "swiss"]
[EventRounds "9"]
[EventCountry "CAN"]

1. d4 Nf6 2. c4 g6 3. Nc3 d5 4. Bf4 Bg7 5. e3 O-O 6. Rc1 c5 7. dxc5 Be6 8. Nf3
Ne4 9. Be5 Bxe5 10. Nxe5 Qc7 11. cxd5 Qxe5 12. dxe6 Nxf2 13. exf7+ Rxf7 14.
Qd8+ Kg7 15. Bc4 Qxe3+ 16. Ne2 Rf8 17. Qd4+ Qxd4 18. Nxd4 Nxh1 19. Ne6+ Kg8 20.
Nxf8+ Kxf8 21. Ke2 Nd7 22. Rxh1 Nxc5 23. Rf1+ Ke8 24. Rf7 Kd7 25. Rxh7 Rf8 26.
Rg7 Rf6 27. Ke3 Ne6 28. Rg8 b6 29. g3 Kd6 30. h4 a5 31. Bd3 Nf8 32. g4 e5 33.
g5 Rf4 34. Bxg6 Ne6 35. Rh8 Rb4 36. Bf7 Ng7 37. g6 Nf5+ 38. Kd2 Rxb2+ 39. Kc3
Rh2 40. Rh5 Rh3+ 41. Kd2 Rh2+ 42. Kd3 Rh3+ 43. Kd2 Rh2+ 44. Ke1 Ng7 45. Rh7 Nf5
46. h5 Rg2 47. h6 Kc5 48. Be6 Nd4 49. Rc7+ Kd6 50. h7 Kxc7 51. h8=Q Nxe6 52.
Qxe5+ Kd7 53. Qd5+ 1-0

[Event "NAYCC U16"]
[Site "Windsor CAN"]
[Date "2016.08.11"]
[Round "8.39"]
[White "Xu, Jeffrey"]
[Black "Chasin, Nico"]
[Result "0-1"]
[WhiteElo "2004"]
[BlackElo "1752"]
[PlyCount "90"]
[EventDate "2016.08.07"]
[EventType "swiss"]
[EventRounds "9"]
[EventCountry "CAN"]

1. e4 e6 2. d4 d5 3. e5 c5 4. c3 Nc6 5. Nf3 Nge7 6. a3 cxd4 7. cxd4 Nf5 8. b4
Qb6 9. Be3 Nxe3 10. fxe3 Bd7 11. Bd3 Be7 12. O-O O-O 13. Nc3 f6 14. exf6 Bxf6
15. Na4 Qd8 16. Nc5 Bc8 17. Rc1 Ne7 18. Qc2 g6 19. Rfe1 b6 20. Nb3 Bb7 21. e4
Rc8 22. Qb1 Qd7 23. b5 dxe4 24. Bxe4 Nd5 25. Qd3 Rxc1 26. Nxc1 Nf4 27. Qe3 Bg7
28. Bxb7 Qxb7 29. Ne2 Nxe2+ 30. Rxe2 Re8 31. Qb3 Qd7 32. Re4 Qc8 33. h4 Bf6 34.
a4 Kg7 35. Kh2 Re7 36. Kh1 Re8 37. Kh2 Qb8+ 38. Kh1 Qc8 39. Kh2 Re7 40. Kh1 h6
41. Kh2 Kh7 42. Kh1 Re8 43. Kh2 Kg7 44. Kh1 Kf7 45. Qe3 Qc2 0-1